| 000 | 01035cam a22002894a 4500 | ||
|---|---|---|---|
| 001 | 15494861 | ||
| 005 | 20250315104817.0 | ||
| 008 | 081022s2010 paua b 001 0 eng | ||
| 020 | _a9781582558370 | ||
| 020 | _a158255837X | ||
| 050 | 0 | 0 |
_aRS57 _b.S86 2010 |
| 082 | 0 | 0 |
_a615/.1401513 _222 |
| 100 | 1 |
_aAnsel, Howard C., _d1933- |
|
| 245 | 1 | 0 |
_aPharmaceutical calculations / _cHoward C. Ansel. |
| 250 | _a13th ed. | ||
| 260 |
_aPhiladelphia : _bWolters Kluwer Health/Lippincott Williams & Wilkins, _cc2010. |
||
| 300 |
_axvi, 444 p. : _bill. (some col.) ; _c27 cm. |
||
| 650 | 0 | _aPharmaceutical arithmetic. | |
| 650 | 1 | 2 | _aDrug Dosage Calculations. |
| 650 | 2 | 2 | _aDosage Forms. |
| 650 | 2 | 2 |
_aDrug Compounding _xmethods. |
| 650 | 2 | 2 | _aDrug Prescriptions. |
| 650 | 2 | 2 | _aWeights and Measures. |
| 856 | 4 | 2 |
_3Publisher description _uhttp://www.loc.gov/catdir/enhancements/fy0913/2008045672-d.html |
| 856 | 4 | 1 |
_3Table of contents only _uhttp://www.loc.gov/catdir/enhancements/fy1012/2008045672-t.html |
| 942 |
_2lcc _cBK _e13th ed. _n0 |
||
| 999 |
_c4859 _d4859 |
||